000 00645nam a22001937a 4500
003 LK-CoMWRAF
005 20231120134032.0
008 231016b2010 |||||||| |||| 00| 0 eng d
040 _aLK-CoMWRAF
_dLK-CoMWRAF
_eLK-CoMWRAF
041 _aeng
082 _a323.407
_bHUM
245 _aHuman rights education in asia pacific:
_bVolume one
260 _aOsaka:
_bAsia-Pacific Human Rights Information Center,
_c2010
300 _a303 p.
650 _aHUMAN RIGHTS
650 _a Human rights education-Asia-Pacific
856 _uhttps://www.hurights.or.jp/archives/asia-pacific/section1/pdf/Complete%20file%20of%20Volume%20ONe.pdf
942 _cBK
999 _c3894
_d3894